000 00587nam a22002057a 4500
999 _c2621
_d2621
003 AR-CdUCM
008 190305b ||||| |||| 00| 0 spa d
040 _aMUNICIPALIDAD PROVINCIAL DEL CUSCO
_cBIBLIOTECA MUNICIPAL DEL CUSCO
041 _heng
082 _a868.4 /
_bD89
100 _aDooley, Thomas A.
_99222
245 _aAl Filo del Mañana /
260 _aBuenos Aires :
_bPlaza & Janes ;
_c1966.
300 _a225 páginas ;
_bfotografías
_c18cm.
505 _aNovela
650 _aLiteratura siglo XVIII
_99223
650 _aNovela
_95
942 _2ddc
_cLIBROS
945 _anom